000 00713nam a2200241Ia 4500
003 OSt
005 20220930071658.0
006 a|||||r|||| 00| 0
007 ta
008 220926b |||||||| |||| 00| 0 hin d
024 _a17905
037 _cTheses
040 _aCRL
_cCRL
_bhin
041 _2hin
_ahin
100 _aShukla Shri Bhagwan
_9528792
110 _aUniversity of Kanpur. Faculty of Arts. Department of Hindi
_9528793
245 0 _aSur ki kavya rachna ka bhasha vaigyanik adhyan
260 _c1982
650 _aHINDI LITERATURE
_923866
700 _aUniversity of Kanpur. Faculty of Arts. Department of Hindi
_9528794
942 _cDIS
_2CC
999 _c862670
_d862670